All Tottenham Players of the 2000's - Statistics

General Stats
  • This quiz has been taken 31 times
  • The average score is 27 of 119
Answer Stats
Position Nation Answer Previous Club % Correct
ATT Belarus Dimitar Berbatov Bayer Leverkusen
63%
GK Brazil Heurelho Gomes PSV
63%
ATT England Fraizer Campbell Manchester United
59%
ATT Republic of Ireland Robbie Keane Leeds United
59%
DEF England Sol Campbell -
59%
DEF Cameroon Benoit Assou-Ekotto Lens
56%
DEF Wales Gareth Bale Southampton
56%
ATT England Jermaine Defoe West Ham United
56%
MID Croatia Luka Modric Dinamo Zagreb
56%
DEF Republic of Ireland Stephen Carr -
56%
MID Uruguay Gustavo Poyet Chelsea
52%
GK England Ian Walker Ipswitch Town
52%
GK England Kimmy Walker Colchester United
52%
GK England Paul Robinson Leeds United
52%
ATT Russia Roman Pavlyuchenko Spartak Moscow
52%
DEF Germany Christian Ziege Liverpool
48%
ATT England Les Ferdinand Newcastle United
48%
MID England Michael Carrick West Ham United
48%
ATT Egypt Mido AS Roma
48%
MID England Aaron Lennon Leeds United
44%
MID The Netherlands Egdar Davids Inter Milan
44%
ATT England Harry Kane -
44%
DEF England Ledley King -
44%
GK Italy Carlo Cudicini Chelsea
41%
MID/ATT England Darren Anderton Portsmouth
41%
ATT England Teddy Sheringham Manchester United
41%
DEF South Korea Young-Pyo Lee PSV
41%
ATT England Darren Bent Charlton Athletic
37%
GK USA Kasey Keller Rayo Vallecano
37%
DEF England Michael Dawson Nottingham Forest
37%
MID Croatia Niko Kranjcar Portsmouth
37%
DEF Croatia Vedran Corluka Manchester City
37%
DEF England Jonathan Woodgate Middlesbrough
33%
GK Scotland Neil Sullivan Wimbledon FC
33%
MID England Sean Davies Fulham
33%
DEF Cameroon Sebastien Bassong Newcastle United
33%
ATT Ukraine Serhiy Rebrov Dinamo Kiev/Fenerbahce
33%
MID Wales Simon Davies Peterborough United
33%
ATT Norway Steffen Iversen Rosenborg BK
33%
MID Honduras Wilson Palacios Wigan Athletic
33%
DEF Scotland Alan Hutton Glasgow Rangers
30%
DEF England Dean Richards Southampton
30%
MID Ivory Coast Didier Zokora AS Saint-Etienne
30%
DEF England Luke Young -
30%
MID Finland Teemu Tainio AJ Auxerre
30%
MID England Tim Sherwood Blackburn Rovers
30%
DEF France Younes Kaboul AJ Auxerre
30%
MID Republic of Ireland Andy Reid Nottingham Forest
26%
MID/ATT England Danny Rose Watford
26%
MID Mexico Giovani Dos Santos Barcelona
26%
MID France Steed Malbranque Fulham FC
26%
MID Germany Steffen Freund Borussia Dortmund
26%
ATT England Chris Armstrong Crystal Palace
22%
DEF England Chris Perry Wimbledon FC
22%
MID England Danny Murphy Charlton Athletic
22%
ATT Portugal Helder Postiga Porto
22%
MID Egypt Hossam Ghaly Feyenoord
22%
MID Portugal Pedro Mendes Porto
22%
ATT Mali Frederic Kanoute West Ham United
19%
MID England Jamie Redknapp Liverpool
19%
MID Canada Paul Stalteri Werder Bremen
19%
MID France Adel Taarabt RC Lens
15%
DEF England Anthony Gardner Port Vale FC
15%
MID Ghana Kevin-Prince Boateng Hertha Berlin
15%
DEF Argentina Maurizio Taricco Ipswitch Town
15%
DEF France Pascal Chimbonda Wigan Athletic
15%
DEF Republic of Ireland Stephen Kelly Watford
15%
DEF England Tom Huddlestone Derby County
15%
DEF England Ben Thatcher Wimbledon FC
11%
MID England Jamie O'Hara Millwall
11%
DEF England Kyle Naughton Sheffield United
11%
ATT England Matthew Etherington Peterborough
11%
DEF Morocco Noureddine Naybet Dportivo La Coruna
11%
MID Switzerland Reto Ziegler Grasshopper
11%
MID England Rohan Ricketts Arsenal
11%
GK England Ben Alnwick Carlisle United
7%
DEF England Calum Davenport Southampton
7%
DEF England Chris Gunter Cardiff City
7%
MID England Dean Marney QPR
7%
DEF Republic of Ireland Gary Doherty Luton Town
7%
MID Brazil Gilberto Hertha Berlin
7%
MID England Michael Brown Sheffield United
7%
DEF France Noé Pamarot OGC Nice
7%
GK Czech Republic Radek Cerny Slavia Prague
7%
MID England Stephen Clemence -
7%
DEF England Alton Thelwell -
4%
MID England Dean Parrett Aldershot Town
4%
DEF France Dorian Dervite Lille OSC
4%
DEF Sweden Erik Edman SC Heereveen
4%
DEF Serbia (Yugoslavia) Goran Bunjevcevic Red Star Belgrade
4%
GK The Netherlands Hans Segers Wolverhampton Wanderers
4%
MID England Johnny Jackson Swindon Town
4%
ATT England John Piercy -
4%
MID Belgium Jonathan Blondel Excelsion Mouscron
4%
MID Japan Kazuyuki Toda Shimizu S-Pulse
4%
GK Canada Lars Hirschfeld Energie Cottbus
4%
ATT England Lee Barnard Leyton Orient
4%
ATT Republic of Ireland Mark Yeates Swindon Town
4%
GK Hungary Marton Fulop MTK Budapest
4%
MID Norway Oyvind Leonardhsen Liverpool
4%
DEF England Paul Konchesky Charlton Athletic
4%
DEF England Philip Ifil -
4%
DEF Portugal Ricardo Rocha Benfica
4%
MID France Stephane Dalmat Inter Milan
4%
MID Cameroon Timothée Atouba FC Basel
4%
ATT Czech Republic Tomas Pekhart Slavia Prague
4%
MID The Netherlands Willem Korsten Vitesse
4%
ATT England Dave McEwen Dulenick Hamlet
0%
MID Czexh Republic David Limbersky Viktoria Plzen
0%
MID Iceland Emil Hallfredsson FH Hafnarfjördur
0%
MID Wales Ian Hillier -
0%
MID England Jermaine Jemas Newcastle United
0%
MID Slovenia Milenko Acinovic Red Star Belgrade
0%
ATT The Netherlands Mounir El Hamdaoui SC Excelsior
0%
ATT Republic of Ireland Neale Fenn Lincoln City
0%
GK Sweden Oscar Jansson Exeter City
0%
DEF Brazil Rodrigo Cruzeiro
0%
ATT England Simon Dawkins -
0%
GK England Tommy Forecast -
0%
No matching quizzes found
Score Distribution
Percent of People with Each Score
Percentile by Number Answered
Your Score History
You have not taken this quiz